Statistics for Place Names in ELVIS PRESLEY Song Titles

Click here to take the quiz!

General Stats

  • This quiz has been taken 182 times
  • The average score is 5 of 14

Answer Stats

TitleYearPLACE NAME% Correct
Viva ___ _____1964Las Vegas
82%
O Little Town of _________1957Bethlehem
77%
Blue Moon of ________1954Kentucky
76%
Blue ______1961Hawaii
52%
_______, Tennessee1965Memphis
51%
_._. Male1968US
27%
Never Been to _____1972Spain
25%
_________ Waltz2010Tennessee
25%
The Eyes of _____1968Texas
16%
_________ Special1960Frankfort
15%
Little _____1964Egypt
13%
____ __________ Chamber of Commerce1965Fort Lauderdale
12%
You Can't Say No in ________1963Acapulco
10%
Love Letters from ____1971Rome
2%

Score Distribution

Percentile by Number Answered

Percent of People with Each Score

Your Score History

You have not taken this quiz